| 000 | 00488nam a2200169Ia 4500 | ||
|---|---|---|---|
| 008 | 180921t2015 xxu||||| |||| 00| 0 sin d | ||
| 041 | _asin | ||
| 080 |
_a910 _bDAM |
||
| 100 | _aDamal, Dewseth | ||
| 245 | _aබදුලු දුම්රියේ සෞන්දර්ය චාරිකාව | ||
| 246 | _aBadulu Dumriye Saundharya Charikawa | ||
| 260 |
_bAother _aMoratuwa _c2015 |
||
| 300 | _b90p, 21cm | ||
| 942 | _cBK | ||
| 999 |
_c1126 _d1126 |
||
| 003 | LK-CoDNM | ||
| 040 |
_aLK-CoDNM _dLK-CoDNM _eLK-CoDNM |
||